[Event "Las Vegas Bridgeopolis"]
[Site "Las Vegas"]
[Date "2023.12.03"]
[Round "7"]
[White "Georgiev, Vladimir"]
[Black "Burrows, Brandon"]
[Result "1/2-1/2"]
[WhiteElo "2408"]
[BlackElo "2336"]
[PlyCount "35"]
[EventDate "2023.11.29"]
[EventType "tourn"]
[EventRounds "10"]
[EventCountry "USA"]
[EventCategory "7"]
[SourceTitle "CB50_2023"]
[SourceDate "2023.12.13"]
[SourceVersion "1"]
[SourceVersionDate "2023.12.13"]
[SourceQuality "1"]

1. d4 d5 2. Nf3 Nf6 3. c4 e6 4. g3 Bb4+ 5. Bd2 Be7 6. Bg2 0-0 7. 0-0 c5 8. cxd5 exd5 9. Nc3 Nc6 10. dxc5 Bxc5 11. Bg5 Be6 12. Rc1 Bb6 13. Bxf6 Qxf6 14. Nxd5 Bxd5 15. Qxd5 Qxb2 16. e3 Rad8 17. Qc4 h6 18. Rb1 1/2-1/2

[Event "Las Vegas"]
[Site "Las Vegas"]
[Date "2023.03.09"]
[Round "7"]
[White "Burrows, Brandon"]
[Black "Durham, Dan"]
[Result "1/2-1/2"]
[WhiteElo "2329"]
[BlackElo "2211"]
[PlyCount "37"]
[EventDate "2023.03.05"]
[EventType "tourn"]
[EventRounds "10"]
[EventCountry "USA"]
[EventCategory "6"]
[SourceTitle "CBM 213 Extra"]
[Source "ChessBase"]
[SourceDate "2023.05.31"]
[SourceVersion "1"]
[SourceVersionDate "2023.05.31"]
[SourceQuality "1"]

1. e4 c5 2. Nc3 g6 3. d4 Bg7 4. dxc5 Qa5 5. Bd2 Qxc5 6. Nd5 Na6 7. Bc3 Bxc3+ 8. Nxc3 Nf6 9. Bd3 0-0 10. Nf3 d6 11. 0-0 Nb4 12. Qd2 Kg7 13. a3 Nc6 14. Rfe1 Bg4 15. Qf4 Bxf3 16. Qxf3 Rac8 17. Rad1 e6 18. Rd2 Rfd8 19. Qe3 1/2-1/2

[Event "Las Vegas"]
[Site "Las Vegas"]
[Date "2023.01.16"]
[Round "8"]
[White "Kretchetov, Alexandre"]
[Black "Burrows, Brandon"]
[Result "0-1"]
[WhiteElo "2152"]
[BlackElo "2284"]
[PlyCount "64"]
[EventDate "2023.01.12"]
[EventType "tourn"]
[EventRounds "10"]
[EventCountry "USA"]
[EventCategory "2"]
[SourceTitle "CBM 212 Extra"]
[Source "ChessBase"]
[SourceDate "2023.03.31"]
[SourceVersion "1"]
[SourceVersionDate "2023.03.31"]
[SourceQuality "1"]

1. d4 Nf6 2. c4 g6 3. Nc3 Bg7 4. e4 d6 5. Nf3 0-0 6. Be2 e5 7. Be3 Nc6 8. d5 Ne7 9. Nd2 Ne8 10. b4 f5 11. f3 h6 12. a4 g5 13. Qb3 Ng6 14. c5 Nf4 15. Bf1 Nf6 16. Nc4 g4 17. g3 Ng6 18. Be2 f4 19. Bf2 gxf3 20. Bxf3 Ng4 21. Nd1 Qg5 22. cxd6 Nxf2 23. Nxf2 fxg3 24. hxg3 Qxg3 25. Ra3 cxd6 26. Nxd6 Nh4 27. Nf5 Bxf5 28. exf5 Rxf5 29. Rxh4 Qxh4 30. d6+ Kh8 31. Ke2 Raf8 32. Qd5 e4 0-1

[Event "Las Vegas National op"]
[Site "Las Vegas"]
[Date "2019.06.12"]
[Round "1"]
[White "Tang, Andrew"]
[Black "Burrows, Brandon"]
[Result "1-0"]
[WhiteElo "2496"]
[BlackElo "2127"]
[PlyCount "145"]
[EventDate "2019.06.12"]
[EventType "swiss"]
[EventRounds "9"]
[EventCountry "USA"]
[SourceTitle "CBM 190 Extra"]
[Source "ChessBase"]
[SourceDate "2019.07.15"]
[SourceVersion "1"]
[SourceVersionDate "2019.07.15"]
[SourceQuality "1"]

1. d4 Nf6 2. c4 e6 3. Nc3 Bb4 4. Qc2 Nc6 5. Nf3 d6 6. Bd2 0-0 7. a3 Bxc3 8. Bxc3 Qe7 9. e3 e5 10. d5 Nb8 11. Bd3 Nbd7 12. Nd2 Nc5 13. Be2 Bd7 14. b3 b5 15. cxb5 Nxd5 16. Bb2 Rab8 17. b4 Ne6 18. Bf3 Rxb5 19. 0-0 Nf6 20. Rfd1 Rc8 21. Nc4 Rbb8 22. Na5 c5 23. Qd2 cxb4 24. axb4 Rb6 25. Rac1 Ng5 26. Rxc8+ Bxc8 27. Be2 Ba6 28. Bxa6 Rxa6 29. Nc4 Nge4 30. Qd3 Rc6 31. f3 Qc7 32. Na5 Rc2 33. Bxe5 Nf2 34. Qxd6 Nxd1 35. Qxc7 Rxc7 36. Bxc7 Nd5 37. Bd6 N1xe3 38. Bc5 a6 39. Kf2 Nc2 40. Nc6 f6 41. Ke2 Nf4+ 42. Kd2 Na3 43. g3 Ne6 44. Kc3 h5 45. Nb8 Nb5+ 46. Kc4 Nbc7 47. Bd6 Nb5 48. Nxa6 Na3+ 49. Kd5 Ng5 50. f4 Nf3 51. h3 h4 52. gxh4 Nxh4 53. Nc7 g5 54. b5 Nxb5 55. Nxb5 Kf7 56. Ke4 Kg6 57. Nd4 f5+ 58. Ke3 gxf4+ 59. Kxf4 Ng2+ 60. Kf3 Nh4+ 61. Kg3 Kh5 62. Ne6 Ng6 63. Nf4+ Nxf4 64. Bxf4 Kg6 65. Kh4 Kh7 66. Kg5 Kh8 67. Kg6 Kg8 68. h4 Kh8 69. h5 Kg8 70. h6 Kh8 71. Bd6 Kg8 72. h7+ Kh8 73. Be5# 1-0

[Event "Manhattan CC-ch"]
[Site "New York"]
[Date "2000.11.05"]
[Round "5"]
[White "Burrows, Brandon"]
[Black "Cadman, Chuck"]
[Result "0-1"]
[WhiteElo "2119"]
[BlackElo "2217"]
[PlyCount "145"]
[EventDate "2000.11.03"]
[EventType "swiss"]
[EventRounds "5"]
[EventCountry "USA"]
[SourceTitle "EXT 2001"]
[Source "ChessBase"]
[SourceDate "2000.11.22"]
[SourceVersion "1"]
[SourceVersionDate "2000.11.22"]
[SourceQuality "1"]

1. e4 e5 2. Nf3 Nc6 3. Bb5 a6 4. Ba4 Nf6 5. Qe2 b5 6. Bb3 Bc5 7. 0-0 0-0 8. c3 d6 9. h3 Nh5 10. d4 Bb6 11. Bd5 Bb7 12. dxe5 Ng3 13. Qc2 Nxf1 14. Kxf1 dxe5 15. Bg5 Qd6 16. Nh4 Kh8 17. Nd2 Nd8 18. Nf5 Qd7 19. Bxb7 Nxb7 20. Rd1 f6 21. Nc4 Qe6 22. Nxb6 Qxb6 23. Be3 Qe6 24. Qb3 Qxb3 25. axb3 Rfd8 26. Ra1 Rd7 27. g4 Nd8 28. h4 Ne6 29. Ke2 h6 30. Rh1 Kg8 31. Kf3 Kf7 32. Ke2 a5 33. Ra1 Rdd8 34. Kf3 a4 35. b4 Rd7 36. Ke2 Rad8 37. c4 c6 38. c5 Nd4+ 39. Bxd4 Rxd4 40. Nxd4 Rxd4 41. f3 Rxb4 42. Rb1 Rc4 43. b4 axb3 44. Rxb3 Rxc5 45. Kd3 Rc4 46. Ra3 Ra4 47. Rc3 Ra6 48. Kc2 Ke6 49. Kb3 Kd6 50. Rd3+ Kc7 51. Rc3 Kb6 52. Rd3 Ra7 53. Rd8 Kc5 54. Rc8 Rd7 55. Kc3 b4+ 56. Kc2 Kb5 57. Kb2 c5 58. Kc2 Kc4 59. Rc6 b3+ 60. Kb2 Rd2+ 61. Kc1 Rf2 62. g5 hxg5 63. hxg5 Rxf3 64. g6 Rg3 65. Rb6 Kc3 66. Kd1 Rxg6 67. Ke2 b2 68. Kf3 Rg1 69. Rc6 b1Q 70. Rxc5+ Kb4 71. Rd5 Qf1+ 72. Ke3 Rg3+ 73. Kd2 0-1

[Event "World op 28th"]
[Site "Philadelphia"]
[Date "2000.07.03"]
[Round "7"]
[White "Burrows, Brandon"]
[Black "Dunne, Alex"]
[Result "0-1"]
[WhiteElo "2165"]
[BlackElo "2261"]
[PlyCount "66"]
[EventDate "2000.06.28"]
[EventType "swiss"]
[EventRounds "9"]
[EventCountry "USA"]
[SourceTitle "EXT 2001"]
[Source "ChessBase"]
[SourceDate "2000.11.22"]
[SourceVersion "1"]
[SourceVersionDate "2000.11.22"]
[SourceQuality "1"]

1. e4 Nc6 2. Nf3 d6 3. d4 Nf6 4. Nc3 g6 5. h3 Bg7 6. Be3 0-0 7. Qd2 e5 8. d5 Ne7 9. Be2 Bd7 10. Bh6 c6 11. 0-0 cxd5 12. exd5 Qb6 13. Rab1 Rac8 14. Rfd1 Bf5 15. g4 Ne4 16. Nxe4 Bxe4 17. Be3 Qd8 18. Rbc1 Nxd5 19. c4 Nxe3 20. Qxe3 f5 21. g5 b6 22. h4 Ba8 23. Qa3 Rc5 24. Qxa7 Ra5 25. Qxa5 bxa5 26. c5 e4 27. Rxd6 Qb8 28. Nd4 Qxb2 29. Bc4+ Kh8 30. Rd1 e3 31. f3 Bxd4 32. R1xd4 Qf2+ 33. Kh1 Bxf3# 0-1

[Event "USA-ch U16"]
[Site "San Francisco"]
[Date "2000.06.26"]
[Round "5"]
[White "Burrows, Brandon"]
[Black "Traldi, Matthew"]
[Result "0-1"]
[WhiteElo "2165"]
[BlackElo "2166"]
[PlyCount "92"]
[EventDate "2000.06.22"]
[EventType "tourn"]
[EventRounds "7"]
[EventCountry "USA"]
[SourceTitle "EXT 2002"]
[Source "ChessBase"]
[SourceDate "2001.11.25"]
[SourceVersion "1"]
[SourceVersionDate "2001.11.25"]
[SourceQuality "1"]

1. e4 c6 2. d4 d5 3. e5 Na6 4. Nc3 Nc7 5. f4 b6 6. Be3 Nh6 7. h3 Nf5 8. Bf2 h5 9. g3 e6 10. Nf3 c5 11. Qd2 Ba6 12. Bxa6 Nxa6 13. 0-0-0 g6 14. g4 Ng7 15. Bh4 Be7 16. Bg5 Nc7 17. dxc5 bxc5 18. Qe2 Rb8 19. Ne4 Nb5 20. c4 Qa5 21. Nf6+ Bxf6 22. exf6 Nc3 23. Qc2 Nxa2+ 24. Kb1 Nc3+ 25. Kc1 Na2+ 26. Kb1 0-0 27. fxg7 Nc3+ 28. Kc1 Na2+ 29. Kb1 Rfc8 30. Rd3 Rb4 31. b3 Rcb8 32. Qxa2 Ra4 33. Qb2 dxc4 34. Rc3 Ra3 35. Rhc1 Rbxb3 36. Rxb3 Rxb3 37. Rxc4 Rxb2+ 38. Kxb2 Qb5+ 39. Kc3 Kxg7 40. gxh5 gxh5 41. Ne5 f6 42. Bxf6+ Kxf6 43. Rxc5 Qxc5+ 44. Kd3 Qd5+ 45. Ke3 a5 46. Nd3 a4 0-1

[Event "USA-ch U16"]
[Site "San Francisco"]
[Date "2000.06.24"]
[Round "3"]
[White "Burrows, Brandon"]
[Black "Fernandez, Daniel"]
[Result "1-0"]
[WhiteElo "2165"]
[BlackElo "2140"]
[PlyCount "111"]
[EventDate "2000.06.22"]
[EventType "tourn"]
[EventRounds "7"]
[EventCountry "USA"]
[SourceTitle "EXT 2002"]
[Source "ChessBase"]
[SourceDate "2001.11.25"]
[SourceVersion "1"]
[SourceVersionDate "2001.11.25"]
[SourceQuality "1"]

1. e4 c5 2. Nf3 d6 3. d4 cxd4 4. Nxd4 Nf6 5. Nc3 a6 6. Rg1 b5 7. g4 Bb7 8. Bg2 e6 9. g5 Nfd7 10. a3 Nc6 11. Be3 Nce5 12. Qe2 Rc8 13. Bd2 Nc4 14. 0-0-0 g6 15. f4 Bg7 16. Qf2 Nxd2 17. Qxd2 Nb6 18. Bh3 Nc4 19. Qf2 Nxa3 20. f5 b4 21. fxe6 Rc7 22. Rdf1 Rf8 23. Nd5 Bxd5 24. exd5 fxe6 25. Qe3 Bxd4 26. Rxf8+ Kxf8 27. Qxd4 e5 28. Qf2+ Rf7 29. Qd2 Nb5 30. Qxb4 Nd4 31. Qc4 Rc7 32. Qf1+ Kg7 33. c3 Nb3+ 34. Kc2 Nd4+ 35. Kb1 Nb5 36. Be6 Rb7 37. Qf3 e4 38. Qe3 Qb6 39. Qxb6 Rxb6 40. Kc2 Nc7 41. Rf1 Nxe6 42. dxe6 Rb7 43. c4 Rc7 44. Kc3 Rc5 45. Rd1 Re5 46. Rxd6 e3 47. Rd1 Rxe6 48. Re1 Re5 49. h4 Re4 50. c5 Kf7 51. Kd3 Rb4 52. Rxe3 Rxb2 53. Kc4 a5 54. c6 a4 55. c7 a3 56. Rxa3 1-0

[Event "USA-ch U16"]
[Site "San Francisco"]
[Date "2000.06.23"]
[Round "2"]
[White "Friedel, Joshua E"]
[Black "Burrows, Brandon"]
[Result "1-0"]
[WhiteElo "2190"]
[BlackElo "2165"]
[PlyCount "69"]
[EventDate "2000.06.22"]
[EventType "tourn"]
[EventRounds "7"]
[EventCountry "USA"]
[SourceTitle "EXT 2002"]
[Source "ChessBase"]
[SourceDate "2001.11.25"]
[SourceVersion "1"]
[SourceVersionDate "2001.11.25"]
[SourceQuality "1"]

1. e4 c5 2. Nf3 d6 3. d4 cxd4 4. Nxd4 Nf6 5. Nc3 g6 6. f4 Bg7 7. e5 dxe5 8. fxe5 Nfd7 9. e6 Ne5 10. Bb5+ Kf8 11. Be3 f6 12. Qe2 a6 13. Rd1 axb5 14. Ndxb5 Nbd7 15. 0-0 Qa5 16. exd7 Bxd7 17. Bc5 f5 18. Rxd7 Rc8 19. Bxe7+ Kg8 20. Rxb7 Qa8 21. Nd6 Rc6 22. Qb5 h6 23. Rb8+ Kh7 24. Rxa8 Rxa8 25. Qb7 Rg8 26. Nd5 Kh8 27. Nf6 Rxc2 28. Nxg8 Ng4 29. Bf6 Nxf6 30. Nxf6 Bxf6 31. Re1 Bg7 32. Re8+ Kh7 33. Qd5 h5 34. Qg8+ Kh6 35. Nf7# 1-0

[Event "New York op"]
[Site "New York"]
[Date "2000.05.05"]
[Round "1"]
[White "Bauer, Christian"]
[Black "Burrows, Brandon"]
[Result "1-0"]
[WhiteElo "2517"]
[BlackElo "2165"]
[PlyCount "73"]
[EventDate "2000.05.05"]
[EventType "swiss"]
[EventRounds "9"]
[EventCountry "USA"]
[SourceTitle "CBM 076 Extra"]
[Source "ChessBase"]
[SourceDate "2000.07.11"]
[SourceVersion "1"]
[SourceVersionDate "2000.07.11"]
[SourceQuality "1"]

1. e4 e5 2. Nf3 Nf6 3. Nxe5 d6 4. Nf3 Nxe4 5. d4 d5 6. Bd3 Nc6 7. 0-0 Be7 8. c4 Nb4 9. Be2 0-0 10. Nc3 Be6 11. Be3 Bf6 12. Qb3 a5 13. Rad1 Nxc3 14. bxc3 dxc4 15. Bxc4 Bxc4 16. Qxc4 Nd5 17. Rb1 Nb6 18. Qc5 Be7 19. Qb5 Nd5 20. Bd2 b6 21. Ne5 Bf6 22. Nd7 Ne7 23. Nxf8 Kxf8 24. Rfe1 Rb8 25. Re4 c6 26. Qe2 b5 27. Re1 Qd7 28. Bf4 Rc8 29. Be5 Nd5 30. Bxf6 Nxf6 31. Re5 h5 32. Qf3 Qd6 33. h3 g6 34. Re6 fxe6 35. Qxf6+ Kg8 36. Qxg6+ Kf8 37. Rxe6 1-0

[Event "Manhattan CC-ch"]
[Site "New York"]
[Date "1999.09.26"]
[Round "5"]
[White "Bonin, Jay R"]
[Black "Burrows, Brandon"]
[Result "1-0"]
[WhiteElo "2411"]
[BlackElo "2182"]
[PlyCount "24"]
[EventDate "1999.09.24"]
[EventType "swiss"]
[EventRounds "5"]
[EventCountry "USA"]
[SourceTitle "EXT 2000"]
[Source "ChessBase"]
[SourceDate "1999.11.16"]
[SourceVersion "1"]
[SourceVersionDate "1999.11.16"]
[SourceQuality "1"]

1. d4 Nf6 2. Nf3 g6 3. c4 Bg7 4. Nc3 d5 5. cxd5 Nxd5 6. e4 Nxc3 7. bxc3 c5 8. Bb5+ Nc6 9. 0-0 0-0 10. Bxc6 bxc6 11. Be3 cxd4 12. Nxd4 Qc7 1-0